000
00219 a2200097 4500
001
26188
100
_a
Hangman
245
_a
Comparative study of programming language
260
_a
_b
Macdonald
_c
090
_c
17667
_d
17667
942
_a
NUST-CAE
_c
M
_c
8521
999
_c
261261
_d
261261